Popularne napoje w Polsce - Statystyki

Ogólne statystyki
  • Ten quiz został rozwiązany 118 razy
  • Średni wynik to 9 z 30
Statystyki odpowiedzi
Marki % Poprawnych
Pepsi
90%
Coca cola
89%
Fanta
76%
Sprite
71%
Tymbark
71%
Mirinda
67%
7up
51%
Kubuś
40%
Hortex
37%
Oshee
33%
Oranżada Hellena
25%
Caprio
22%
Mountain Dew
22%
Nestea
22%
Frugo
20%
Dr Pepper
18%
4move
16%
Tarczyn
13%
Grappa
10%
Pysio
10%
schweppes
10%
Fortuna
9%
Hoop Cola
9%
Zbyszko 3 Cytryny
8%
Dr Witt
7%
Freeway
5%
Lipton ice tea
5%
Orangina
4%
Cola original
2%
Dawtona
2%
Nie znaleziono quizów pasujących do podanych kryteriów
Rozkład punktacji
Procent ludzi z każdym wynikiem
Percentyl według liczby udzielonych odpowiedzi
Twoja historia wyników
Nie rozwiązałeś tego quizu